[Event "DEM U10w 2024"]
[Site "Willingen GER"]
[Date "2024.05.19"]
[Round "2"]
[White "Artemenko, Isabella"]
[Black "Mudriievskaya, Esther"]
[Result "1-0"]
[Termination "normal"]
[Board "8"]
[WhiteElo "1237"]
[BlackElo "1495"]
[WhiteClock "00:47:04"]
[BlackClock "01:09:41"]
[PlyCount "151"]
[WhiteFideId "34639616"]
[BlackFideId "34676465"]
[EventCountry "GER"]
[EventRounds "11"]
[EventType "swiss"]
[EventDate "2024.05.18"]

1. e4 {[%clk 01:15:59]} {[%emt 00:00:01]} e5 {[%clk 01:15:54]} {[%emt
00:00:06]} 2. Nf3 {[%clk 01:16:23]} {[%emt 00:00:06]} Nf6 {[%clk 01:16:16]}
{[%emt 00:00:07]} 3. Nxe5 {[%clk 01:16:46]} {[%emt 00:00:07]} d6 {[%clk
01:16:36]} {[%emt 00:00:11]} 4. Nf3 {[%clk 01:17:10]} {[%emt 00:00:05]} Nxe4
{[%clk 01:16:53]} {[%emt 00:00:14]} 5. d4 {[%clk 01:17:31]} {[%emt 00:00:09]}
d5 {[%clk 01:17:13]} {[%emt 00:00:10]} 6. Bd3 {[%clk 01:17:49]} {[%emt
00:00:11]} Bg4 {[%clk 01:17:14]} {[%emt 00:00:28]} 7. h3 {[%emt 00:02:02]} Bh5
{[%clk 01:17:04]} {[%emt 00:00:33]} 8. Nbd2 {[%clk 01:10:08]} {[%emt 00:06:48]}
Bb4 {[%clk 01:14:24]} {[%emt 00:03:10]} 9. c3 {[%clk 01:10:21]} {[%emt
00:00:16]} Bd6 {[%clk 01:12:46]} {[%emt 00:02:07]} 10. Nxe4 {[%clk 01:09:03]}
{[%emt 00:01:50]} dxe4 {[%clk 01:12:43]} {[%emt 00:00:32]} 11. Bxe4 {[%clk
01:09:26]} {[%emt 00:00:07]} Nc6 {[%clk 01:12:17]} {[%emt 00:00:56]} 12. Bd2
{[%clk 01:05:58]} {[%emt 00:03:59]} Qe7 {[%clk 01:11:08]} {[%emt 00:01:38]} 13.
Qe2 {[%clk 01:06:17]} {[%emt 00:00:11]} O-O {[%clk 01:10:36]} {[%emt 00:01:02]}
14. g4 {[%clk 01:04:51]} Rae8 {[%clk 01:10:02]} {[%emt 00:02:59]} 15. Bd3
{[%clk 01:02:46]} Bg6 {[%clk 01:10:02]} 16. Qxe7 {[%clk 01:02:46]} Rxe7+ {[%clk
01:09:31]} {[%emt 00:04:18]} 17. Be2 {[%clk 01:03:27]} Rfe8 {[%clk 01:09:34]}
{[%emt 00:00:34]} 18. Be3 {[%clk 01:03:04]} Bf4 {[%clk 01:09:18]} {[%emt
00:01:39]} 19. Bxf4 {[%clk 01:02:11]} Rxe2+ {[%clk 01:09:39]} {[%emt 00:01:34]}
20. Kf1 {[%clk 01:02:38]} Rxb2 {[%clk 01:09:41]} {[%emt 00:00:31]} 21. Kg2
{[%clk 01:02:29]} Ree2 {[%clk 01:09:29]} {[%emt 00:01:21]} 22. Bg3 {[%clk
00:58:28]} Rec2 {[%clk 01:08:59]} {[%emt 00:05:27]} 23. Rhc1 {[%clk 00:57:12]}
Re2 {[%clk 01:08:13]} {[%emt 00:02:58]} 24. Re1 {[%clk 00:57:02]} f5 {[%clk
01:06:35]} {[%emt 00:02:50]} 25. Rxe2 {[%clk 00:41:32]} Rxe2 {[%clk 01:06:36]}
{[%emt 00:16:34]} 26. Ne5 {[%clk 00:33:16]} Nxe5 {[%clk 01:06:01]} {[%emt
00:09:50]} 27. Bxe5 fxg4 {[%clk 01:06:07]} 28. hxg4 {[%clk 00:33:17]} {[%emt
00:00:53]} Be4+ {[%clk 01:06:01]} {[%emt 00:00:33]} 29. Kg3 {[%clk 00:33:40]}
{[%emt 00:00:10]} c6 {[%clk 01:05:55]} {[%emt 00:00:36]} 30. c4 {[%clk
00:33:39]} {[%emt 00:00:31]} Rc2 {[%clk 01:05:40]} {[%emt 00:00:40]} 31. c5
{[%clk 00:33:55]} {[%emt 00:00:18]} Bd5 {[%clk 01:05:51]} {[%emt 00:00:14]} 32.
a4 {[%clk 00:33:58]} {[%emt 00:00:32]} Rc3+ {[%clk 01:05:59]} {[%emt 00:00:22]}
33. Kh4 {[%clk 00:33:36]} {[%emt 00:00:52]} h6 {[%clk 01:05:49]} {[%emt
00:00:28]} 34. f4 {[%clk 00:33:16]} {[%emt 00:01:01]} Bg2 {[%clk 01:05:54]}
{[%emt 00:00:26]} 35. g5 {[%clk 00:33:27]} {[%emt 00:00:20]} Rh3+ {[%clk
01:05:30]} {[%emt 00:00:52]} 36. Kg4 {[%clk 00:33:47]} {[%emt 00:00:12]} h5+
{[%clk 01:05:34]} {[%emt 00:00:21]} 37. Kf5 {[%clk 00:34:11]} {[%emt 00:00:08]}
Kf7 {[%clk 01:05:17]} {[%emt 00:00:46]} 38. g6+ {[%clk 00:33:59]} {[%emt
00:00:47]} Kg8 {[%clk 01:05:25]} {[%emt 00:00:19]} 39. a5 {[%clk 00:34:02]}
{[%emt 00:00:29]} h4 {[%clk 01:05:21]} {[%emt 00:00:32]} 40. a6 {[%clk
00:34:23]} {[%emt 00:00:11]} bxa6 {[%clk 01:05:30]} {[%emt 00:00:21]} 41. Rxa6
{[%clk 00:34:48]} {[%emt 00:00:05]} Rb3 {[%clk 01:05:35]} {[%emt 00:00:22]} 42.
Rxa7 {[%clk 00:35:08]} {[%emt 00:00:13]} Rb8 {[%clk 01:05:36]} {[%emt
00:00:28]} 43. Bxb8 {[%clk 00:35:05]} {[%emt 00:00:34]} h3 {[%clk 01:05:57]}
{[%emt 00:00:09]} 44. Ra1 {[%clk 00:35:22]} {[%emt 00:00:13]} h2 {[%clk
01:06:16]} {[%emt 00:00:11]} 45. Ke6 {[%clk 00:35:19]} {[%emt 00:00:30]} h1=Q
{[%clk 01:05:36]} {[%emt 00:01:13]} 46. Rxh1 {[%clk 00:35:46]} {[%emt
00:00:03]} Bxh1 {[%clk 01:05:58]} {[%emt 00:00:07]} 47. Kd6 {[%clk 00:36:12]}
{[%emt 00:00:04]} Kf8 {[%clk 01:06:12]} {[%emt 00:00:17]} 48. Ke6 {[%clk
00:36:30]} {[%emt 00:00:10]} Ke8 {[%clk 01:06:22]} {[%emt 00:00:21]} 49. Bd6
{[%clk 00:36:49]} {[%emt 00:00:12]} Bd5+ {[%clk 01:05:47]} {[%emt 00:01:05]}
50. Ke5 {[%clk 00:37:13]} {[%emt 00:00:05]} Bh1 {[%clk 01:05:22]} {[%emt
00:00:55]} 51. f5 {[%clk 00:37:41]} {[%emt 00:00:03]} Bd5 {[%clk 01:05:03]}
{[%emt 00:00:49]} 52. f6 {[%clk 00:38:05]} {[%emt 00:00:06]} gxf6+ {[%clk
01:05:01]} {[%emt 00:00:32]} 53. Kxf6 {[%clk 00:38:29]} {[%emt 00:00:05]} Ba2
{[%clk 01:04:33]} {[%emt 00:00:59]} 54. Kg7 {[%clk 00:38:54]} {[%emt 00:00:04]}
Bd5 {[%clk 01:04:40]} {[%emt 00:00:23]} 55. Kh8 {[%clk 00:39:19]} {[%emt
00:00:06]} Ba2 {[%clk 01:04:55]} {[%emt 00:00:15]} 56. g7 {[%clk 00:39:45]}
{[%emt 00:00:04]} Kd7 {[%clk 01:04:55]} {[%emt 00:00:30]} 57. g8=Q {[%clk
00:40:06]} {[%emt 00:00:09]} Bxg8 {[%clk 01:05:19]} {[%emt 00:00:06]} 58. Kxg8
{[%clk 00:40:29]} {[%emt 00:00:06]} Kc8 {[%clk 01:05:36]} {[%emt 00:00:13]} 59.
Kf7 {[%clk 00:40:51]} {[%emt 00:00:09]} Kd7 {[%clk 01:05:59]} {[%emt 00:00:07]}
60. Be5 {[%clk 00:41:12]} {[%emt 00:00:08]} Kd8 {[%clk 01:05:31]} {[%emt
00:00:58]} 61. Ke6 {[%clk 00:41:31]} {[%emt 00:00:11]} Kc8 {[%clk 01:05:31]}
{[%emt 00:00:30]} 62. Kd6 {[%clk 00:41:56]} {[%emt 00:00:06]} Kb7 {[%clk
01:05:49]} {[%emt 00:00:12]} 63. Bh8 {[%clk 00:42:18]} {[%emt 00:00:08]} Kc8
{[%clk 01:05:51]} {[%emt 00:00:28]} 64. Kxc6 {[%clk 00:42:42]} {[%emt
00:00:06]} Kd8 {[%clk 01:06:13]} {[%emt 00:00:08]} 65. Kb7 {[%clk 00:43:00]}
{[%emt 00:00:12]} Ke7 {[%clk 01:06:22]} {[%emt 00:00:21]} 66. Bf6 {[%clk
00:43:24]} {[%emt 00:00:06]} Ke6 {[%clk 01:06:37]} {[%emt 00:00:15]} 67. c6
{[%clk 00:43:48]} {[%emt 00:00:06]} Kf5 {[%clk 01:07:01]} {[%emt 00:00:06]} 68.
c7 {[%clk 00:44:14]} {[%emt 00:00:04]} Kf4 {[%clk 01:07:23]} {[%emt 00:00:08]}
69. c8=Q {[%clk 00:44:34]} {[%emt 00:00:10]} Kg3 {[%clk 01:07:43]} {[%emt
00:00:09]} 70. Qf5 {[%clk 00:44:55]} {[%emt 00:00:09]} Kh2 {[%clk 01:08:00]}
{[%emt 00:00:13]} 71. Qg4 {[%clk 00:45:17]} {[%emt 00:00:08]} Kh1 {[%clk
01:08:17]} {[%emt 00:00:13]} 72. Kc6 {[%clk 00:45:43]} {[%emt 00:00:04]} Kh2
{[%clk 01:08:41]} {[%emt 00:00:07]} 73. Kd5 {[%clk 00:46:10]} {[%emt 00:00:02]}
Kh1 {[%clk 01:09:01]} {[%emt 00:00:11]} 74. Ke4 {[%clk 00:46:38]} {[%emt
00:00:02]} Kh2 {[%clk 01:09:22]} {[%emt 00:00:08]} 75. Kf3 {[%clk 00:47:04]}
{[%emt 00:00:04]} Kh1 {[%clk 01:09:41]} {[%emt 00:00:11]} 76. Qg2# {[%emt
00:00:04]} 1-0

[Event "DEM U10w 2024"]
[Site "Willingen GER"]
[Date "2024.05.19"]
[Round "2"]
[White "Böhm, Arwen Skadi"]
[Black "Tiuca, Emma"]
[Result "0-1"]
[Termination "normal"]
[Board "9"]
[WhiteElo "968"]
[BlackElo "1516"]
[WhiteClock "01:15:29"]
[BlackClock "01:04:57"]
[PlyCount "66"]
[BlackFideId "4007549"]
[EventCountry "GER"]
[EventRounds "11"]
[EventType "swiss"]
[EventDate "2024.05.18"]

1. e4 {[%clk 01:15:59]} e6 {[%clk 01:15:51]} {[%emt 00:00:10]} 2. Nf3 {[%clk
01:16:22]} {[%emt 00:00:07]} d5 {[%clk 01:16:05]} {[%emt 00:00:14]} 3. exd5
{[%clk 01:16:46]} {[%emt 00:00:05]} exd5 {[%clk 01:16:17]} {[%emt 00:00:19]} 4.
d4 {[%clk 01:17:00]} {[%emt 00:00:18]} Bd6 {[%clk 01:16:25]} {[%emt 00:00:21]}
5. Nc3 {[%clk 01:17:12]} {[%emt 00:00:18]} c6 {[%clk 01:16:42]} {[%emt
00:00:12]} 6. Bd3 {[%clk 01:16:47]} {[%emt 00:00:56]} Nf6 {[%clk 01:16:52]}
{[%emt 00:00:20]} 7. Qe2+ {[%clk 01:16:51]} {[%emt 00:00:24]} Be6 {[%clk
01:17:04]} {[%emt 00:00:19]} 8. O-O {[%clk 01:17:01]} {[%emt 00:00:20]} O-O
{[%clk 01:17:17]} {[%emt 00:00:17]} 9. Bg5 {[%clk 01:17:22]} {[%emt 00:00:09]}
Nbd7 {[%clk 01:17:34]} {[%emt 00:00:14]} 10. Bxf6 {[%clk 01:17:19]} {[%emt
00:00:32]} Nxf6 {[%clk 01:17:51]} {[%emt 00:00:13]} 11. Ng5 {[%clk 01:16:55]}
{[%emt 00:00:52]} Bg4 {[%emt 00:01:50]} 12. f3 {[%emt 00:00:38]} Re8 {[%clk
01:14:44]} {[%emt 00:01:09]} 13. Qf2 {[%clk 01:16:58]} {[%emt 00:00:28]} Bh5
{[%clk 01:14:27]} {[%emt 00:00:47]} 14. Rae1 {[%clk 01:16:19]} {[%emt
00:01:10]} h6 {[%clk 01:13:57]} {[%emt 00:01:01]} 15. Rxe8+ {[%clk 01:16:33]}
{[%emt 00:00:16]} Qxe8 {[%clk 01:13:49]} {[%emt 00:00:37]} 16. Re1 {[%clk
01:16:35]} {[%emt 00:00:29]} Qd7 {[%clk 01:13:26]} {[%emt 00:00:48]} 17. Nh3
{[%clk 01:16:24]} {[%emt 00:00:43]} Qc7 {[%clk 01:13:00]} {[%emt 00:00:58]} 18.
g3 {[%clk 01:16:22]} {[%emt 00:00:33]} c5 {[%clk 01:12:22]} {[%emt 00:01:09]}
19. dxc5 {[%clk 01:16:20]} {[%emt 00:00:32]} Bxc5 {[%clk 01:12:41]} {[%emt
00:00:10]} 20. Re3 {[%clk 01:16:06]} {[%emt 00:00:40]} Bxe3 {[%clk 01:12:37]}
{[%emt 00:00:38]} 21. Qxe3 {[%clk 01:16:19]} {[%emt 00:00:17]} Re8 {[%clk
01:12:42]} {[%emt 00:00:24]} 22. Qf2 {[%clk 01:15:28]} {[%emt 00:01:18]} Qe7
{[%clk 01:10:02]} {[%emt 00:03:14]} 23. g4 {[%clk 01:15:03]} {[%emt 00:00:56]}
Bxg4 {[%clk 01:08:41]} {[%emt 00:01:50]} 24. fxg4 {[%clk 01:15:01]} {[%emt
00:00:31]} Nxg4 {[%clk 01:08:36]} {[%emt 00:00:36]} 25. Qg2 {[%clk 01:14:43]}
{[%emt 00:00:40]} Qe3+ {[%clk 01:03:46]} {[%emt 00:05:27]} 26. Kh1 {[%clk
01:14:33]} {[%emt 00:00:41]} Qe1+ {[%clk 01:02:57]} {[%emt 00:01:19]} 27. Ng1
{[%clk 01:14:33]} {[%emt 00:00:23]} Nf2+ {[%clk 01:03:10]} {[%emt 00:00:24]}
28. Qxf2 {[%clk 01:14:54]} {[%emt 00:00:09]} Qxf2 {[%clk 01:03:33]} {[%emt
00:00:07]} 29. Nxd5 {[%clk 01:14:51]} {[%emt 00:00:34]} Re1 {[%clk 01:03:51]}
{[%emt 00:00:11]} 30. Ne7+ {[%clk 01:14:46]} {[%emt 00:00:36]} Kf8 {[%clk
01:03:57]} {[%emt 00:00:23]} 31. Ng6+ {[%clk 01:14:58]} {[%emt 00:00:17]} fxg6
{[%clk 01:04:19]} {[%emt 00:00:10]} 32. Bf1 {[%clk 01:15:07]} {[%emt 00:00:20]}
Rxf1 {[%clk 01:04:36]} {[%emt 00:00:12]} 33. c3 {[%clk 01:15:29]} {[%emt
00:00:09]} Qf3# {[%clk 01:04:57]} {[%emt 00:00:08]} 0-1

[Event "DEM U10w 2024"]
[Site "Willingen GER"]
[Date "2024.05.19"]
[Round "2"]
[White "Winkler, Anni"]
[Black "Preißler, Enie"]
[Result "1/2-1/2"]
[Termination "normal"]
[Board "10"]
[WhiteElo "1426"]
[BlackElo "1019"]
[WhiteClock "00:54:09"]
[BlackClock "00:53:32"]
[PlyCount "40"]
[WhiteFideId "34622349"]
[EventCountry "GER"]
[EventRounds "11"]
[EventType "swiss"]
[EventDate "2024.05.18"]

1. e4 {[%clk 01:15:58]} {[%emt 00:00:02]} d5 {[%clk 01:15:50]} {[%emt
00:00:10]} 2. exd5 {[%clk 01:16:16]} {[%emt 00:00:13]} Nf6 {[%clk 01:16:10]}
{[%emt 00:00:09]} 3. d4 {[%clk 01:16:36]} {[%emt 00:00:10]} Nxd5 {[%clk
01:16:27]} {[%emt 00:00:13]} 4. c4 {[%clk 01:16:58]} {[%emt 00:00:08]} Nf6
{[%clk 01:15:48]} {[%emt 00:01:10]} 5. Nf3 {[%clk 01:17:16]} {[%emt 00:00:11]}
Bf5 {[%clk 01:14:55]} {[%emt 00:01:23]} 6. Nc3 {[%clk 01:14:53]} {[%emt
00:02:53]} e6 {[%clk 01:09:30]} {[%emt 00:05:56]} 7. Bf4 {[%clk 01:09:39]}
{[%emt 00:05:44]} c6 {[%clk 01:05:24]} {[%emt 00:04:36]} 8. Bd3 {[%clk
01:03:32]} {[%emt 00:06:37]} Bg6 {[%clk 01:02:26]} {[%emt 00:03:27]} 9. O-O
{[%clk 01:01:29]} {[%emt 00:02:34]} Bd6 {[%clk 01:01:03]} {[%emt 00:01:53]} 10.
Bxd6 {[%clk 01:00:24]} {[%emt 00:01:35]} Qxd6 {[%clk 01:01:14]} {[%emt
00:00:19]} 11. h3 {[%clk 00:59:41]} {[%emt 00:01:13]} Nbd7 {[%clk 01:01:03]}
{[%emt 00:00:40]} 12. Re1 {[%clk 00:58:12]} {[%emt 00:01:59]} O-O {[%clk
01:00:01]} {[%emt 00:02:04]} 13. Bxg6 {[%clk 00:58:15]} {[%emt 00:00:26]} fxg6
{[%clk 00:58:23]} {[%emt 00:02:08]} 14. Qe2 {[%clk 00:57:07]} {[%emt 00:01:39]}
Rfe8 {[%clk 00:58:28]} {[%emt 00:00:26]} 15. Rad1 {[%clk 00:56:48]} {[%emt
00:00:49]} Re7 {[%clk 00:55:46]} {[%emt 00:03:12]} 16. Ng5 {[%clk 00:55:35]}
{[%emt 00:01:42]} Nf8 {[%clk 00:55:01]} {[%emt 00:01:14]} 17. Nge4 {[%clk
00:55:22]} {[%emt 00:00:43]} Nxe4 {[%clk 00:54:05]} {[%emt 00:01:27]} 18. Nxe4
{[%clk 00:55:43]} {[%emt 00:00:10]} Qd7 {[%clk 00:53:34]} {[%emt 00:01:00]} 19.
b3 {[%clk 00:55:04]} {[%emt 00:01:09]} Rae8 {[%clk 00:53:15]} {[%emt 00:00:49]}
20. a4 {[%clk 00:54:09]} {[%emt 00:01:25]} Qc8 {[%clk 00:53:32]} {[%emt
00:00:13]} 1/2-1/2

[Event "DEM U10w 2024"]
[Site "Willingen GER"]
[Date "2024.05.19"]
[Round "2"]
[White "Müller, Greta Waltraud"]
[Black "Sriram, Yashasri"]
[Result "1/2-1/2"]
[Termination "normal"]
[Board "11"]
[WhiteElo "1224"]
[BlackElo "1576"]
[WhiteClock "01:02:41"]
[BlackClock "01:11:40"]
[PlyCount "65"]
[BlackFideId "34656243"]
[EventCountry "GER"]
[EventRounds "11"]
[EventType "swiss"]
[EventDate "2024.05.18"]

1. e4 {[%clk 01:15:30]} {[%emt 00:10:33]} e6 {[%clk 01:15:32]} {[%emt
00:00:28]} 2. d4 {[%clk 01:16:13]} {[%emt 00:00:17]} d5 {[%clk 01:15:52]}
{[%emt 00:00:10]} 3. exd5 {[%clk 01:16:24]} {[%emt 00:00:19]} exd5 {[%clk
01:16:11]} {[%emt 00:00:11]} 4. Nc3 {[%clk 01:16:42]} {[%emt 00:00:13]} Nf6
{[%clk 01:16:33]} {[%emt 00:00:07]} 5. Nf3 {[%clk 01:16:53]} {[%emt 00:00:18]}
Bd6 {[%clk 01:16:36]} {[%emt 00:00:27]} 6. Bg5 {[%clk 01:16:45]} {[%emt
00:00:38]} Bg4 {[%clk 01:16:40]} {[%emt 00:00:28]} 7. Nxd5 {[%clk 01:16:30]}
{[%emt 00:00:43]} c6 {[%clk 01:16:48]} {[%emt 00:00:23]} 8. Bxf6 {[%clk
01:15:58]} {[%emt 00:01:02]} gxf6 {[%clk 01:17:08]} {[%emt 00:00:09]} 9. Nc3
{[%clk 01:15:31]} {[%emt 00:00:57]} Qe7+ {[%clk 01:16:24]} {[%emt 00:01:15]}
10. Qe2 {[%clk 01:15:11]} {[%emt 00:00:45]} Bxf3 {[%clk 01:16:17]} {[%emt
00:00:42]} 11. Qxe7+ {[%clk 01:15:21]} {[%emt 00:00:20]} Bxe7 {[%clk 01:16:34]}
{[%emt 00:00:12]} 12. gxf3 {[%clk 01:15:39]} {[%emt 00:00:12]} Nd7 {[%clk
01:16:43]} {[%emt 00:00:22]} 13. O-O-O {[%clk 01:15:38]} {[%emt 00:00:30]}
O-O-O {[%clk 01:16:57]} {[%emt 00:00:17]} 14. Bc4 {[%clk 01:15:42]} {[%emt
00:00:25]} Rdf8 {[%clk 01:16:54]} {[%emt 00:00:33]} 15. Rde1 {[%clk 01:15:15]}
{[%emt 00:00:57]} Bb4 {[%clk 01:17:08]} {[%emt 00:00:17]} 16. Re3 {[%clk
01:13:06]} {[%emt 00:02:21]} Nb6 {[%clk 01:16:11]} {[%emt 00:01:46]} 17. Bd3
{[%clk 01:12:31]} {[%emt 00:00:58]} Bxc3 {[%clk 01:15:40]} {[%emt 00:01:06]}
18. Bf5+ {[%clk 01:12:16]} {[%emt 00:00:45]} Kc7 {[%clk 01:15:49]} {[%emt
00:00:22]} 19. Rxc3 {[%clk 01:11:56]} {[%emt 00:00:50]} Nd5 {[%clk 01:16:07]}
{[%emt 00:00:12]} 20. Ra3 {[%clk 01:10:44]} {[%emt 00:01:35]} a6 {[%clk
01:15:31]} {[%emt 00:01:12]} 21. Be4 {[%clk 01:10:23]} {[%emt 00:00:51]} h6
{[%clk 01:14:45]} {[%emt 00:01:17]} 22. Bxd5 {[%clk 01:10:13]} {[%emt
00:00:40]} cxd5 {[%clk 01:14:00]} {[%emt 00:01:16]} 23. Rc3+ {[%clk 01:10:38]}
{[%emt 00:00:04]} Kd6 {[%clk 01:14:08]} {[%emt 00:00:22]} 24. Re3 {[%clk
01:08:15]} {[%emt 00:02:53]} Re8 {[%clk 01:11:09]} {[%emt 00:03:29]} 25. Rg1
{[%clk 01:06:08]} {[%emt 00:02:33]} Rxe3 {[%clk 01:11:18]} {[%emt 00:00:25]}
26. fxe3 {[%clk 01:06:16]} {[%emt 00:00:22]} Re8 {[%clk 01:11:32]} {[%emt
00:00:16]} 27. Re1 {[%clk 01:06:34]} {[%emt 00:00:12]} f5 {[%clk 01:11:42]}
{[%emt 00:00:20]} 28. f4 {[%clk 01:06:28]} {[%emt 00:00:35]} b5 {[%clk
01:12:06]} {[%emt 00:00:07]} 29. b3 {[%clk 01:06:07]} {[%emt 00:00:51]} b4
{[%clk 01:12:26]} {[%emt 00:00:10]} 30. c4 {[%clk 01:04:05]} {[%emt 00:02:31]}
bxc3 {[%clk 01:12:23]} {[%emt 00:00:34]} 31. Kc2 {[%clk 01:03:16]} {[%emt
00:01:17]} Rc8 {[%clk 01:12:27]} {[%emt 00:00:28]} 32. Rg1 {[%clk 01:02:41]}
{[%emt 00:00:58]} Ke6 {[%clk 01:11:40]} {[%emt 00:01:25]} 33. Rd1 {[%emt
00:04:28]} 1/2-1/2

[Event "DEM U10w 2024"]
[Site "Willingen GER"]
[Date "2024.05.19"]
[Round "2"]
[White "Elsayed Esam, Sally"]
[Black "Tadic, Lena"]
[Result "1-0"]
[Termination "normal"]
[Board "12"]
[WhiteElo "1584"]
[BlackElo "980"]
[WhiteClock "00:53:39"]
[BlackClock "00:58:41"]
[PlyCount "65"]
[WhiteFideId "34662170"]
[BlackFideId "34687300"]
[EventCountry "GER"]
[EventRounds "11"]
[EventType "swiss"]
[EventDate "2024.05.18"]

1. d4 {[%clk 01:15:56]} {[%emt 00:00:03]} Nf6 {[%clk 01:15:51]} {[%emt
00:00:09]} 2. Bf4 {[%clk 01:16:12]} {[%emt 00:00:14]} g6 {[%clk 01:16:11]}
{[%emt 00:00:11]} 3. Nf3 {[%clk 01:16:36]} {[%emt 00:00:06]} Bg7 {[%clk
01:16:29]} {[%emt 00:00:11]} 4. e3 {[%clk 01:16:50]} {[%emt 00:00:17]} O-O
{[%clk 01:16:46]} {[%emt 00:00:12]} 5. Bd3 {[%clk 01:17:07]} {[%emt 00:00:14]}
d6 {[%clk 01:17:05]} {[%emt 00:00:11]} 6. O-O {[%clk 01:17:26]} {[%emt
00:00:11]} Nbd7 {[%clk 01:17:21]} {[%emt 00:00:13]} 7. Nbd2 {[%clk 01:15:03]}
{[%emt 00:02:54]} b6 {[%clk 01:17:14]} {[%emt 00:00:37]} 8. e4 {[%clk
01:14:50]} {[%emt 00:00:43]} Nh5 {[%clk 01:16:35]} {[%emt 00:01:09]} 9. Bg5
{[%clk 01:12:54]} {[%emt 00:02:25]} f6 {[%clk 01:16:37]} {[%emt 00:00:29]} 10.
Be3 {[%clk 01:10:16]} {[%emt 00:03:07]} e5 {[%clk 01:16:26]} {[%emt 00:00:42]}
11. c3 {[%clk 01:07:55]} {[%emt 00:02:51]} c5 {[%clk 01:14:39]} {[%emt
00:02:17]} 12. dxc5 {[%clk 01:06:47]} {[%emt 00:01:38]} bxc5 {[%clk 01:14:29]}
{[%emt 00:00:40]} 13. Nc4 {[%emt 00:03:26]} Nb6 {[%clk 01:11:49]} {[%emt
00:00:39]} 14. Qe2 {[%clk 01:05:20]} {[%emt 00:01:33]} Be6 {[%clk 01:10:31]}
{[%emt 00:01:46]} 15. Rad1 {[%clk 00:59:26]} {[%emt 00:06:24]} Nf4 {[%clk
01:10:08]} {[%emt 00:00:54]} 16. Bxf4 {[%clk 00:59:22]} {[%emt 00:00:34]} exf4
{[%clk 01:09:49]} {[%emt 00:00:48]} 17. Rd2 {[%clk 00:59:01]} {[%emt 00:00:50]}
d5 {[%clk 01:09:01]} {[%emt 00:01:19]} 18. Nxb6 {[%clk 00:57:57]} {[%emt
00:01:34]} axb6 {[%clk 01:09:18]} {[%emt 00:00:14]} 19. exd5 {[%clk 00:57:50]}
{[%emt 00:00:37]} Bc8 {[%clk 01:07:14]} {[%emt 00:02:33]} 20. b4 {[%clk
00:54:23]} {[%emt 00:03:58]} cxb4 {[%clk 01:04:42]} {[%emt 00:02:59]} 21. cxb4
{[%clk 00:53:42]} {[%emt 00:01:13]} Re8 {[%clk 01:03:17]} {[%emt 00:01:56]} 22.
Qd1 {[%clk 00:53:57]} {[%emt 00:00:14]} Qxd5 {[%clk 01:03:03]} {[%emt
00:00:44]} 23. Bxg6 {[%clk 00:53:37]} {[%emt 00:00:49]} Qb7 {[%clk 00:59:19]}
{[%emt 00:04:15]} 24. Bxe8 {[%clk 00:53:50]} {[%emt 00:00:17]} Bg4 {[%clk
00:59:21]} {[%emt 00:00:28]} 25. Rd8 {[%clk 00:53:44]} {[%emt 00:00:35]} Bxf3
{[%clk 00:59:21]} {[%emt 00:00:31]} 26. Bc6+ {[%clk 00:53:16]} {[%emt
00:00:58]} Rxd8 {[%emt 00:01:27]} 27. Qxd8+ {[%clk 00:52:46]} {[%emt 00:00:10]}
Bf8 {[%clk 00:59:27]} {[%emt 00:00:17]} 28. Bxb7 {[%clk 00:53:04]} {[%emt
00:00:13]} Bxb7 {[%clk 00:59:48]} {[%emt 00:00:09]} 29. Re1 {[%clk 00:53:16]}
{[%emt 00:00:17]} Bc6 {[%clk 01:00:00]} {[%emt 00:00:19]} 30. Qxf6 {[%clk
00:53:20]} {[%emt 00:00:26]} Bxb4 {[%clk 00:59:51]} {[%emt 00:00:39]} 31. Qxc6
{[%clk 00:53:27]} {[%emt 00:00:22]} Bxe1 {[%emt 00:02:11]} 32. Qe8+ {[%clk
00:53:20]} {[%emt 00:00:02]} Kg7 {[%clk 00:58:41]} {[%emt 00:00:35]} 33. Qxe1
{[%clk 00:53:39]} {[%emt 00:00:10]} 1-0